000 00307nam a2200133Ia 4500
005 20251222143134.0
008 251222s9999||||xx |||||||||||||| ||spa||
020 _a9789872236618
082 _a371.820.87/F96
245 0 _aEscuela Inclusiva
250 _a1ra.ed.
264 _bFundación Par
942 _cLIB
999 _c12038
_d12038